00626nam a22001817a 4500003000900000008004100009020001800050040007100068082002300139100002400162245002900186260004100215300004000256505002200296650001100318650002500329710009000354AR-CdUCM190408b ||||| |||| 00| 0 spa d a968-494-005-X aMUNICIPALIDAD PROVINCIAL DEL CUSCOcBIBLIOTECA MUNICIPAL DEL CUSCO aES / 869.15 /bC26 aCarballido, Emilio  aEl Pizarrón Ecantado / aMéxico : bCIDCLI ;c1984. a40 páginas ;bIlustracionesc22cm aContenido: Cuento aCuento aLiteratura mexicana  aCentro de Información y Desarrollo de la Comunicación y la Literatura Infantiles